[Event "TUR Cup"]
[Site "Antalya"]
[Date "2019.01.28"]
[Round "2"]
[White "Kilic, Efe Mert"]
[Black "Gozubuyukoglu, Selami"]
[Result "1-0"]
[WhiteElo "2241"]
[BlackElo "1821"]
[PlyCount "91"]
[EventDate "2019.01.27"]
[EventType "swiss"]
[EventRounds "11"]
[EventCountry "TUR"]
[SourceTitle "OM OTB B 201907"]
[Source "Opening Master"]
[SourceDate "2019.07.06"]
[SourceVersion "2"]
[SourceVersionDate "2019.07.06"]
[SourceQuality "1"]

1. e4 e5 2. Nf3 Nc6 3. c3 d6 4. d4 Bd7 5. Bc4 Be7 6. Qb3 Na5 7. Bxf7+ Kf8 8.
Qa3 Kxf7 9. Qxa5 b6 10. Qa6 Bf6 11. O-O h6 12. dxe5 dxe5 13. Rd1 Qc8 14. Qxc8
Bxc8 15. c4 Ne7 16. Nc3 c6 17. Be3 Be6 18. c5 b5 19. Rd6 a5 20. Nd2 Rhc8 21. g3
a4 22. a3 Ng6 23. Na2 Be7 24. Rd3 Rd8 25. Rc3 Rd7 26. Nb4 Rc8 27. f3 Bd8 28.
Kf2 Ba5 29. f4 Bg4 30. f5 Ne7 31. Nf3 Kf6 32. Rd3 Rcd8 33. Rad1 Rxd3 34. Rxd3
Rxd3 35. Nxd3 Bc7 36. Nb4 Ba5 37. Nd3 Bc7 38. Ng1 Bd1 39. Ke1 Bh5 40. h3 g5 41.
g4 Bf7 42. h4 Bc4 43. hxg5+ hxg5 44. Nb4 Ba5 45. Nf3 Bd3 46. Bxg5+ 1-0

[Event "19th BCC Open 2019"]
[Site "Bangkok THA"]
[Date "2019.01.25"]
[Round "1.36"]
[White "Chabanon, JL."]
[Black "Moes Joaquim, Carlos"]
[Result "0-1"]
[WhiteElo "1726"]
[BlackElo "1947"]
[PlyCount "130"]
[EventDate "2019.04.06"]
[EventType "swiss"]
[EventRounds "9"]
[EventCountry "THA"]
[SourceTitle "The Week in Chess 1264"]
[Source "Mark Crowther"]
[SourceDate "2019.01.28"]
[SourceVersion "1"]
[SourceVersionDate "2019.01.28"]
[SourceQuality "2"]

1. e4 e5 2. Nf3 Nc6 3. c3 d5 4. exd5 Qxd5 5. d3 Bg4 6. Be2 Nf6 7. Be3 Be7 8.
O-O O-O 9. Qc2 Rad8 10. Rd1 Rfe8 11. Na3 Bxa3 12. bxa3 b6 13. Bg5 Qd6 14. h3
Bd7 15. Bh4 h6 16. d4 e4 17. Nd2 Bf5 18. Nc4 Qe7 19. Ne3 Bh7 20. Bb5 Qe6 21.
Qa4 g5 22. Bg3 Na5 23. Bxe8 Nxe8 24. d5 Qd7 25. Qb4 Nb7 26. Ng4 h5 27. Ne5 Qd6
28. Qb2 Qc5 29. c4 h4 30. Bh2 Na5 31. Qe2 f6 32. Nc6 Nxc6 33. dxc6 Rxd1+ 34.
Rxd1 Qxc6 35. Qd2 Qxc4 36. Qd5+ Qxd5 37. Rxd5 Kf8 38. Rd7 Bf5 39. Rd8 Ke7 40.
Ra8 a5 41. Kf1 Be6 42. Ke2 Bd5 43. Rb8 f5 44. f3 exf3+ 45. gxf3 f4 46. Bg1 Be6
47. Bxb6 cxb6 48. Rxb6 Nd6 49. Kf2 Bxh3 50. Ra6 Nc4 51. Rg6 Be6 52. Rxg5 h3 53.
Rh5 Kf6 54. Kg1 a4 55. Kh2 Nd2 56. Ra5 Nxf3+ 57. Kh1 Ng5 58. Kg1 f3 59. Rxa4
Kf5 60. Rh4 Ne4 61. Rh8 f2+ 62. Kh2 Kf4 63. Rh4+ Kf3 64. Rh8 Ng5 65. Rh6 Ke2
0-1

[Event "AUT-chT (Women) 1819"]
[Site "Austria"]
[Date "2019.01.20"]
[Round "5.4"]
[White "Kogler, Alexandra"]
[Black "Nagy, Laura"]
[Result "0-1"]
[WhiteElo "1470"]
[BlackElo "1787"]
[PlyCount "58"]
[EventDate "2018.11.17"]
[EventType "team-tourn"]
[EventRounds "11"]
[EventCountry "AUT"]
[SourceTitle "OM OTB B 201907"]
[Source "Opening Master"]
[SourceDate "2019.07.06"]
[SourceVersion "2"]
[SourceVersionDate "2019.07.06"]
[SourceQuality "1"]
[WhiteTeam "St Veit/Glan (W)"]
[BlackTeam "Steyr (W)"]
[WhiteTeamCountry "AUT"]
[BlackTeamCountry "AUT"]

1. e4 e5 2. Nf3 Nc6 3. c3 Nf6 4. Bd3 d5 5. exd5 Qxd5 6. Qe2 Bg4 7. Bc4 Qd7 8.
h3 Bxf3 9. Qxf3 e4 10. Qe2 Ne5 11. d4 Nxc4 12. Qxc4 Bd6 13. Bg5 Qf5 14. Bxf6
Qxf6 15. Qb5+ Ke7 16. Qxb7 Rhe8 17. O-O Kf8 18. Qb5 Qf4 19. g3 Qh6 20. Kg2 Rab8
21. Qe2 Re6 22. b4 Qg5 23. Qe3 Qxe3 24. fxe3 Rg6 25. g4 h5 26. Nd2 hxg4 27.
Nxe4 gxh3+ 28. Kxh3 Ke7 29. Nxd6 Rh8# 0-1